Pays d'Afrique avec un W, X, Y, Z - Statistiques

Statistiques générales
  • Ce quiz a été pris 169 fois
  • Le résultat moyen est 10 sur 13
Statistiques - réponses
Hint Réponse % Correct
Z Zambie
99%
Z-W Zimbabwe
99%
W Eswatini
80%
Y Libye
79%
Z Mozambique
79%
W Malawi
78%
W Rwanda
78%
Y Érythrée
77%
Y Kenya
75%
Y Égypte
72%
Z Tanzanie
72%
W Botswana
71%
Y Seychelles
69%
Aucun quiz correspondant
Distribution des résultats
% des personnes avec chaque résultat
Percentile par nombre de réponses
Votre historique - résultats
Vous n’avez pas pris ce quiz